Vedecké aspekty tvorby modernej reklamy

Saved in:
Bibliographic Details
Main Author: Chebeň, Juraj
Corporate Author: Ekonomická univerzita v Bratislave. Obchodná fakulta
Other Authors: Labská, Helena, Štarchoň, Peter
Format: Book
Language:Slovak
Published: Bratislava Vydavateľstvo EKONÓM 2010
Subjects:
Tags: Add Tag
No Tags, Be the first to tag this record!

MARC

LEADER 00000nam a2200000 4500
001 0124020
005 20240502072411.4
020 |a 978-80-225-3028-6 
041 0 |a slo 
044 |a SK 
245 1 0 |a Vedecké aspekty tvorby modernej reklamy  |c Juraj Chebeň 
264 1 |a Bratislava  |b Vydavateľstvo EKONÓM  |c 2010 
300 |a 298 s. [15,233 AH] 
610 2 0 |a reklama 
610 2 0 |a médiá 
610 2 0 |a modely 
610 2 0 |a stratégia marketingová 
610 2 0 |a kreativita 
610 2 0 |a produkty 
610 2 0 |a komunikácia 
610 2 0 |a komunikácia marketingová 
100 1 |a Chebeň, Juraj 
700 1 |a Labská, Helena 
700 1 |a Štarchoň, Peter 
710 2 |a Ekonomická univerzita v Bratislave. Obchodná fakulta